Movies Quiz

Random Movies or Color Quiz

Miscolored Films Quiz Stats

 Plays Quiz Updated Sep 22, 2018

Score 0/12 Timer 02:00
4 Plays Today
Question Answer Wrong Answers
Pick the film whose title is not colored correctly. Panther
2018
88.4%
How Was My Valley
1941
1.1%
The Rose of Cairo
1985
4.2%
Finger
1964
1.6%
Pick the film whose title is not colored correctly. Harold and Kumar Go To Castle
2004
87.4%
Pretty In
1986
2%
The Letter
1995
2.7%
County
2002
3.4%
Pick the film whose title is not colored correctly. Anchorman: The Legend of Ron
2004
86.8%
Austin Powers in Member
2002
3%
Fantastic 4: Rise of the Surfer
2007
3.3%
The Color
1985
2.1%
Pick the film whose title is not colored correctly. Rain
1984
86.7%
A Clockwork
1971
1.2%
Lantern
2011
1%
Jackie
1997
6.7%
Pick the film whose title is not colored correctly. Fang
1991
86.5%
Hawk Down
2001
2.4%
Beauty
1994
5.2%
Men in
1997
1.5%
Pick the film whose title is not colored correctly. Men Can't Jump
1992
85.8%
Bullet
1985
4.7%
The Man With The Gun
1974
2.9%
The Brothers
1980
2.1%
Pick the film whose title is not colored correctly. Steel
1989
85.5%
Dawn
1984
3.6%
The Berets
1968
3.1%
Submarine
1968
3%
Pick the film whose title is not colored correctly. Cadillac
1989
84.2%
Moulin!
2001
2.8%
Fifty Shades of
2015
1.8%
Fried Tomatoes
1991
6.6%
Pick the film whose title is not colored correctly. Rock West
1993
75.3%
The Thin Line
1998
16.3%
The Mile
1999
1.4%
Deep Sea
1999
2.6%
Pick the film whose title is not colored correctly. Velvet
1986
71.3%
The Hunt for October
1990
2.3%
The Badge of Courage
1951
9.9%
Tide
1995
12.1%
Pick the film whose title is not colored correctly. Creature From the Lagoon
1954
58.9%
kKlansman
2018
13%
The Pimpernel
1982
13.1%
Soylent
1973
10.3%
Pick the film whose title is not colored correctly. Dragon
2002
56.4%
The Big
1988
28.2%
She Wore A Ribbon
1949
9.5%
Riding Hood
2011
1%

You're not logged in!

Compare scores with friends on all Sporcle quizzes.
OR
Log In

Sporcle TV

Today on Sporcle TV


Watch our educational content, quiz creation guides, and fun videos on Sporcle TV.

Show Comments

Extras

Top Quizzes Today


Score Distribution

Your Account Isn't Verified!

In order to create a playlist on Sporcle, you need to verify the email address you used during registration. Go to your Sporcle Settings to finish the process.

Report this User

Report this user for behavior that violates our Community Guidelines.

Details: